000 00243nam a22000977a 4500
008 250818b |||||||| |||| 00| 0 eng d
020 _a9781569319314
100 _aToriama Akira
_97848
245 _aDragon Ball-2
260 _aUSA
_bShonen Jump
_c2023
999 _c12803
_d12803